000 00830cam a2200229 a 4500
001 000012838
005 20200929163102.0
008 760406s1964 ve b 001 0 spa
035 _a(DLC) 66080604
035 _a(OCoLC)2095315
040 _aDO-SdBNP
_cNHemH
_dNHemH
_dDLC
_dBNPHU
082 _a323.6
_bP259n
100 1 _aParra-Aranguren, Gonzálo,
_d1928-
_929687
245 1 3 _aLa nacionalidad Venezolana originaria /
_cGonzálo Parra Aranguren.
260 _aCaracas, (Venezuela) :
_bUniversidad Central de Venezuela, Facultad de Derecho,
_c1964.
300 _a2 v. p. ;
_c24 cm.
490 1 _aPublicaciones de la Facultad de Derecho
_v31-32
504 _aBibliografía: v. 2, p. [643]-652.
650 4 _aCiudadania
_zVenezuela.
_929688
830 0 _aPublicaciones de la Facultad de Derecho ;
_v31-32
_929653
049 _aBNGR
999 _c12486
_d12486